000 00657nam a2200229Ia 4500
003 OSt
005 20221007071605.0
006 a|||||r|||| 00| 0
007 ta
008 221006b |||||||| |||| 00| 0 eng d
024 _a17,973
037 _cTextual
040 _aFLL
_cFLL
_beng
041 _2eng
_aeng
082 _aY33:7:7oaD854, K9
100 _aGrava Sigurd Au.
_9689051
245 0 _aUrban planning aspects of water pollution control
260 _aLondon
_bColumbia University Press England
_c1969
300 _axi,223p
_ccm.
942 _hY33:7:7oaD854, K9
_cTEXL
_2CC
999 _c1143750
_d1143750